[Event "Ch (Men) Krakow POL"]
[Site "?"]
[Date "2006.03.01"]
[Round "5.6"]
[White "Gajewski Grzegorz"]
[Black "Socko Bartosz"]
[Result "1/2-1/2"]
[WhiteElo "2486"]
[BlackElo "2610"]
[PlyCount "117"]
[EventDate "2006.??.??"]
[Source "www.chesslib.no"]
[SourceDate "2004.05.04"]

1. d4 Nf6 2. c4 g6 3. Nc3 Bg7 4. e4 d6 5. Nf3 O-O 6. Be2 e5 7. O-O Nc6 8. d5
Ne7 9. Ne1 Nd7 10. f3 f5 11. g4 f4 12. h4 c5 13. a3 Nf6 14. b4 Bd7 15. Bd2 Nc8
16. Rb1 Nb6 17. Ng2 Rc8 18. Qb3 Qc7 19. Nb5 Bxb5 20. cxb5 c4 21. Qc2 Nfxd5 22.
exd5 Nxd5 23. Rbc1 Nb6 24. a4 d5 25. Rfd1 Qf7 26. a5 Na8 27. Be1 Nc7 28. b6
axb6 29. axb6 Nb5 30. Rxd5 Qxd5 31. Bxc4 Rxc4 32. Qxc4 Qxc4 33. Rxc4 Nd4 34.
Kf2 Ne6 35. Bc3 Rd8 36. Ke2 Rd6 37. Re4 Rxb6 38. Bxe5 Bxe5 39. Rxe5 Nd4+ 40.
Kf2 Rxb4 41. Nxf4 Nc6 42. Nd5 Nxe5 43. Nxb4 Kf7 44. Ke3 Ke6 45. Ke4 Kd6 46. h5
gxh5 47. gxh5 Ke6 48. f4 Nd7 49. f5+ Kf6 50. Kf4 h6 51. Nd5+ Kf7 52. Ne3 Nf6
53. Ke5 Kg7 54. Ke6 Nxh5 55. Nd5 Kf8 56. f6 b5 57. f7 Ng7+ 58. Kf6 Ne8+ 59.
fxe8=Q+ 1/2-1/2

[Event "XV Open"]
[Site "?"]
[Date "2005.08.09"]
[Round "8"]
[White "Petkov Vladimir"]
[Black "Hebden Mark"]
[Result "1-0"]
[WhiteElo "2475"]
[BlackElo "2510"]
[PlyCount "77"]
[EventDate "2005.??.??"]
[Source "www.chesslib.no"]
[SourceDate "2004.05.04"]

1. d4 Nf6 2. c4 d6 3. Nc3 g6 4. e4 Bg7 5. Nf3 O-O 6. Be2 Nc6 7. O-O e5 8. d5
Ne7 9. Ne1 Nd7 10. f3 f5 11. g4 Kh8 12. h4 a5 13. Be3 Nc5 14. Ng2 b6 15. Kh2
Ng8 16. g5 f4 17. Bf2 h6 18. Rh1 Rf7 19. Kg1 Bf8 20. h5 Rg7 21. gxh6 Nxh6 22.
hxg6 Rxg6 23. Kf1 Kg8 24. Nh4 Rg7 25. Ke1 Bd7 26. Kd2 Qf6 27. Bf1 Be7 28. Bh3
Bxh3 29. Rxh3 Kf7 30. Nb5 Na6 31. Qf1 Rag8 32. Rh2 Rg3 33. Qe2 Ke8 34. Rah1 Kd8
35. Kc2 Nc5 36. Bxg3 fxg3 37. Rh3 Qxh4 38. Rxh4 Bxh4 39. Qg2 1-0

[Event "Paris mem op"]
[Site "Rijeka"]
[Date "2004.01.26"]
[Round "6.3"]
[White "Kovacevic, Blazimir"]
[Black "Loncar, Robert"]
[Result "1-0"]
[WhiteElo "2429"]
[BlackElo "2363"]
[PlyCount "97"]
[EventDate "2004.01.17"]
[Source "Roberto Alvarez"]
[SourceDate "2004.03.29"]

1. d4 g6 2. e4 Bg7 3. c4 d6 4. Nc3 Nf6 5. Be2 O-O 6. Nf3 e5 7. O-O Nc6 8. d5
Ne7 9. Ne1 Nd7 10. f3 f5 11. g4 Kh8 12. Be3 Ng8 13. Qd2 h5 14. Bg5 Bf6 15.
Bxf6+ Ndxf6 16. exf5 gxf5 17. g5 Ne8 18. f4 Ng7 19. Nf3 e4 20. Nh4 Ne7 21. Qd4
Kh7 22. b4 Bd7 23. c5 Be8 24. Rad1 Ng6 25. Nxg6 Bxg6 26. h4 Rf7 27. c6 bxc6 28.
dxc6 a6 29. Bc4 Rf8 30. Nd5 Ne8 31. Ne3 Ng7 32. Rf2 Qe8 33. Bd5 Qb8 34. a4 Qa7
35. Qxa7 Rxa7 36. Rb2 Bf7 37. Kf2 Kg6 38. Bxf7+ Rxf7 39. Nd5 Ne6 40. Ke3 Ra8
41. Rc1 Rb8 42. Rc3 Rff8 43. b5 axb5 44. axb5 Kf7 45. b6 cxb6 46. c7 Rbc8 47.
Rxb6 Nc5 48. Rxd6 Na4 49. Rcc6 1-0

[Event "TCh-CRO"]
[Site "?"]
[Date "2004.09.11"]
[Round "7"]
[White "Kovacevic Blazimir"]
[Black "Jankovic Alojzije"]
[Result "1/2-1/2"]
[WhiteElo "2478"]
[BlackElo "2444"]
[PlyCount "26"]
[EventDate "2004.??.??"]
[Source "www.chesslib.no"]
[SourceDate "2004.05.04"]

1. d4 Nf6 2. Nf3 g6 3. c4 Bg7 4. Nc3 O-O 5. e4 d6 6. Be2 e5 7. O-O Nc6 8. d5
Ne7 9. Ne1 Nd7 10. f3 f5 11. g4 f4 12. Nd3 Bf6 13. Bd2 a5 1/2-1/2

[Event "Budapest HUN"]
[Site "?"]
[Date "2002.12.10"]
[Round "4"]
[White "Lukacs Peter"]
[Black "Kosanovic Goran A"]
[Result "1/2-1/2"]
[WhiteElo "2420"]
[BlackElo "2398"]
[PlyCount "26"]
[EventDate "2002.??.??"]
[Source "www.chesslib.no"]
[SourceDate "2004.05.04"]

1. d4 Nf6 2. c4 g6 3. Nc3 Bg7 4. e4 d6 5. Nf3 O-O 6. Be2 e5 7. O-O Nc6 8. d5
Ne7 9. Ne1 Nd7 10. f3 f5 11. g4 Nf6 12. Ng2 f4 13. h4 c6 1/2-1/2

[Event "St Petersburg White Nights op1"]
[Site "?"]
[Date "2002.??.??"]
[Round "3"]
[White "Mirovshchikov Sergey"]
[Black "Solovjov Sergey I"]
[Result "0-1"]
[WhiteElo "2402"]
[BlackElo "2489"]
[PlyCount "76"]
[EventDate "2002.??.??"]
[Source "www.chesslib.no"]
[SourceDate "2004.05.04"]

1. d4 Nf6 2. c4 g6 3. Nc3 Bg7 4. e4 O-O 5. Be2 d6 6. Nf3 e5 7. O-O Nc6 8. d5
Ne7 9. Ne1 Nd7 10. f3 f5 11. g4 Kh8 12. Be3 Ng8 13. Ng2 f4 14. Bf2 h5 15. h3
Bf6 16. b4 Rf7 17. c5 Rh7 18. Qd3 Nh6 19. cxd6 cxd6 20. Nb5 Nf7 21. h4 a6 22.
Nc3 g5 23. Kh2 Nf8 24. Na4 Nh6 25. Nb6 hxg4 26. fxg4 Nxg4+ 27. Bxg4 Bxg4 28.
Nxa8 Qxa8 29. Rh1 Bd7 30. Qc3 Qd8 31. Raf1 Bb5 32. Rc1 g4 33. Qc8 g3+ 34. Bxg3
fxg3+ 35. Kxg3 Rg7+ 36. Kh2 Bxh4 37. Qxd8 Bxd8 38. Rc8 Rh7+ 0-1

[Event "Zadar Christmas Open"]
[Site "?"]
[Date "2002.12.18"]
[Round "5"]
[White "Kovacevic Blazimir"]
[Black "Fercec Nenad"]
[Result "1-0"]
[WhiteElo "2441"]
[BlackElo "2504"]
[PlyCount "91"]
[EventDate "2002.??.??"]
[Source "www.chesslib.no"]
[SourceDate "2004.05.04"]

1. Nf3 g6 2. c4 Bg7 3. e4 d6 4. d4 Nf6 5. Nc3 O-O 6. Be2 e5 7. O-O Nc6 8. d5
Ne7 9. Ne1 Nd7 10. f3 f5 11. g4 Kh8 12. Be3 Ng8 13. Nd3 f4 14. Bf2 h5 15. h3
Bf6 16. c5 Bh4 17. cxd6 cxd6 18. Kg2 Bxf2 19. Nxf2 Rf7 20. Rh1 Rh7 21. Nb5 Ndf6
22. g5 Ne8 23. h4 Bd7 24. a4 a6 25. Na3 b5 26. axb5 axb5 27. Nc2 Rc8 28. Nb4
Qb6 29. Ra6 Qc5 30. Nfd3 Qc7 31. Qg1 Qd8 32. Qf2 Rc4 33. Qb6 Nc7 34. Qxd6 Nxa6
35. Qxe5+ Rg7 36. Nxa6 Qa5 37. Nb8 Rc2 38. Nxf4 Kh7 39. Nxd7 Rxd7 40. Qe8 Rg7
41. Kg3 Qd2 42. Ra1 Qe3 43. Nxg6 Rxg6 44. Qf7+ Kh8 45. Qxg6 Rxe2 46. Ra8 1-0

[Event "Basel Hilton op 3rd"]
[Site "Basel"]
[Date "2001.01.03"]
[Round "3"]
[White "Dudas, Janos"]
[Black "Cvitan, Ognjen"]
[Result "1/2-1/2"]
[WhiteElo "2386"]
[BlackElo "2542"]
[PlyCount "38"]
[EventDate "2001.01.01"]
[Source "ChessBase"]
[SourceDate "2001.03.08"]

1. d4 Nf6 2. Nf3 g6 3. c4 Bg7 4. Nc3 O-O 5. e4 d6 6. Be2 e5 7. O-O Nc6 8. d5
Ne7 9. Ne1 Nd7 10. f3 f5 11. g4 h6 12. Be3 fxg4 13. fxg4 Rxf1+ 14. Kxf1 g5 15.
Ng2 Ng6 16. Bf2 Nf4 17. Ne3 Nf6 18. Bf3 Bd7 19. Ne2 Bf8 1/2-1/2

[Event "4th Golden Autumn, Alushta UKR"]
[Site "?"]
[Date "2001.??.??"]
[Round "?"]
[White "Shtyrenkov, V."]
[Black "Sikula, V."]
[Result "1/2-1/2"]
[WhiteElo "2490"]
[BlackElo "2420"]
[PlyCount "53"]
[EventDate "2001.??.??"]
[Source "www.chesslib.no"]
[SourceDate "2004.05.04"]

1. d4 Nf6 2. c4 g6 3. Nc3 Bg7 4. e4 d6 5. Be2 O-O 6. Nf3 e5 7. O-O Nc6 8. d5
Ne7 9. Ne1 Nd7 10. f3 f5 11. g4 Kh8 12. Ng2 Ng8 13. h4 a5 14. Be3 Nc5 15. Rc1
Nf6 16. exf5 gxf5 17. g5 Nh5 18. f4 Ng3 19. Rf3 Nxe2+ 20. Qxe2 e4 21. Rg3 Nd3
22. Rd1 c5 23. h5 Bxc3 24. bxc3 Ra6 25. Ne1 Nxe1 26. Rxe1 Rg8 27. Kf2 1/2-1/2

[Event "Eger Europe Chess"]
[Site "?"]
[Date "2001.02.17"]
[Round "2"]
[White "Kiss Pal"]
[Black "Rajlich Vasik G"]
[Result "1/2-1/2"]
[WhiteElo "2400"]
[BlackElo "2365"]
[PlyCount "94"]
[EventDate "2001.??.??"]
[Source "www.chesslib.no"]
[SourceDate "2004.05.04"]

1. d4 Nf6 2. c4 g6 3. Nc3 Bg7 4. e4 d6 5. Be2 O-O 6. Nf3 e5 7. O-O Nc6 8. d5
Ne7 9. Ne1 Nd7 10. f3 f5 11. g4 Kh8 12. Kh1 Ng8 13. Rg1 a5 14. Nd3 Rf7 15. Be3
f4 16. Bf2 Bf8 17. h4 Be7 18. Qe1 Ngf6 19. b3 b6 20. Kg2 Nc5 21. Nxc5 bxc5 22.
Qd1 Qd7 23. Kf1 h5 24. g5 Qh3+ 25. Ke1 Ng4 26. Bf1 Nxf2 27. Bxh3 Nxd1 28. Be6
Bxe6 29. dxe6 Nxc3 30. exf7 c6 31. Kd2 Nxe4+ 32. fxe4 Kg7 33. Kc3 Kxf7 34. Rad1
Ke6 35. Rd3 Bd8 36. Rgd1 Bc7 37. a3 Ke7 38. Kc2 Rf8 39. Rf1 Kd7 40. Kc3 Kc8 41.
Kc2 Kb7 42. Kc3 Ka6 43. Rf2 a4 44. Rf1 axb3 45. Kxb3 Ka5 46. Kc2 Ka4 47. Rff3
Rd8 1/2-1/2

[Event "Pula op"]
[Site "Pula"]
[Date "2000.05.22"]
[Round "7"]
[White "Kovacevic, Blazimir"]
[Black "Krstic, Uros"]
[Result "1/2-1/2"]
[WhiteElo "2438"]
[BlackElo "2386"]
[PlyCount "26"]
[EventDate "2000.05.16"]
[Source "ChessBase"]
[SourceDate "2000.07.11"]

1. c4 Nf6 2. Nc3 g6 3. e4 d6 4. d4 Bg7 5. Be2 O-O 6. Nf3 e5 7. O-O Nc6 8. d5
Ne7 9. Ne1 Nd7 10. f3 f5 11. g4 Nf6 12. Be3 f4 13. Bf2 g5 1/2-1/2

[Event "Krnov m"]
[Site "?"]
[Date "2000.06.13"]
[Round "5"]
[White "Vokac Marek"]
[Black "Cvek Robert"]
[Result "1-0"]
[WhiteElo "2504"]
[BlackElo "2405"]
[PlyCount "147"]
[EventDate "2000.??.??"]
[Source "www.chesslib.no"]
[SourceDate "2004.05.04"]

1. d4 Nf6 2. Nf3 g6 3. c4 Bg7 4. Nc3 O-O 5. e4 d6 6. Be2 e5 7. O-O Nc6 8. d5
Ne7 9. Ne1 Nd7 10. f3 f5 11. g4 Nf6 12. Nd3 c5 13. Rf2 Bd7 14. Rb1 Rf7 15. Rg2
f4 16. h4 a6 17. b4 cxb4 18. Rxb4 b6 19. Bd2 Nc8 20. Be1 Be8 21. Bf1 Nd7 22.
Rb1 Nc5 23. Nxc5 dxc5 24. d6 Bc6 25. Rd2 Rd7 26. g5 Rxd6 27. Rxd6 Nxd6 28. Qb3
Rb8 29. Rd1 h6 30. Nb5 Bf8 31. Bc3 Rb7 32. Nxd6 Bxd6 33. Bxe5 Rd7 34. Bb2 Bf8
35. Rxd7 Qxd7 36. Qxb6 hxg5 37. hxg5 Qd2 38. Qxc6 Qxb2 39. Qxg6+ Bg7 40. Qe6+
Kh7 41. g6+ Kh6 42. Qh3+ Kxg6 43. Qf5+ Kh6 44. Qxf4+ Kh5 45. Qf5+ Kh6 46. f4
Bd4+ 47. Kh1 Qc1 48. Qh3+ Kg7 49. Qg4+ Kf8 50. Kg2 Qd2+ 51. Be2 Qxa2 52. e5 Qd2
53. Kg3 Qe1+ 54. Kf3 Qh1+ 55. Qg2 Qh5+ 56. Kg3 Qg6+ 57. Bg4 Qd3+ 58. Kh4 Qxc4
59. Qa8+ Kg7 60. Qb7+ Qf7 61. Qxf7+ Kxf7 62. Kg5 c4 63. Kf5 Bf2 64. Ke4 c3 65.
Bd1 Bg3 66. f5 Bh4 67. Bb3+ Ke7 68. Kf4 Kd7 69. f6 Ke8 70. Kf5 Bf2 71. e6 Bc5
72. Ke5 Bb4 73. Kd5 Ba3 74. Kc6 1-0

[Event "Cupa Dinamo"]
[Site "Brasov"]
[Date "1998.??.??"]
[Round "12"]
[White "Solak, Dragan"]
[Black "Svetushkin, Dmitry"]
[Result "1-0"]
[WhiteElo "2380"]
[BlackElo "2415"]
[PlyCount "113"]
[EventDate "1998.03.??"]
[Source "ChessBase"]
[SourceDate "1998.04.29"]

1. d4 g6 2. c4 Bg7 3. Nf3 d6 4. Nc3 Nf6 5. e4 O-O 6. Be2 e5 7. O-O Nc6 8. d5
Ne7 9. Ne1 Nd7 10. f3 f5 11. g4 f4 12. h4 Nf6 13. Nd3 c6 14. Bd2 Kh8 15. Be1 b5
16. b3 a5 17. a3 Rb8 18. Bf2 b4 19. axb4 axb4 20. Na4 cxd5 21. cxd5 Nfxd5 22.
exd5 Nxd5 23. Ne1 Nf6 24. Rc1 d5 25. Nc5 d4 26. Bc4 Qe7 27. Ned3 e4 28. g5 e3
29. gxf6 Bxf6 30. Ne4 exf2+ 31. Ndxf2 Bb7 32. Re1 Bxe4 33. Nxe4 Rfe8 34. Qd2
Qd8 35. Qxf4 Be5 36. Qg5 d3 37. Qxd8 Rbxd8 38. Rcd1 Bc3 39. Rf1 d2 40. Kg2 Ra8
41. Rf2 Ra2 42. Kf1 Kg7 43. Ke2 Rc2 44. Rg2 Ra8 45. Rgg1 Rca2 46. Bd3 Rd8 47.
h5 Rb2 48. Bc4 Rc2 49. f4 Re8 50. Kd3 Ra2 51. Nxc3 bxc3 52. Kxc3 Re3+ 53. Bd3
Rf3 54. hxg6 hxg6 55. Rxd2 Ra7 56. Rxg6+ Kf7 57. Rd6 1-0

[Event "Panormo (zt) 74/616"]
[Site "?"]
[Date "1998.??.??"]
[Round "?"]
[White "Miladinovic, Igor"]
[Black "Solak, Dragan"]
[Result "0-1"]
[WhiteElo "2555"]
[BlackElo "2425"]
[PlyCount "78"]
[Source "ChessBase"]
[SourceDate "1998.10.01"]

1. d4 Nf6 2. c4 g6 3. Nc3 Bg7 4. e4 d6 5. Nf3 O-O 6. Be2 e5 7. O-O Nc6 8. d5
Ne7 9. Ne1 Nd7 10. f3 f5 11. g4 Kh8 12. Ng2 Ng8 13. h4 a5 14. Bg5 Bf6 15. Bxf6+
Ngxf6 16. exf5 gxf5 17. g5 Nh5 18. f4 Nxf4 19. Nxf4 exf4 20. Qd4+ Ne5 21. c5
Bd7 22. Rae1 Qe7 23. cxd6 cxd6 24. Rxf4 Rae8 25. Kh1 Kg8 26. Bh5 Rc8 27. Qb6 a4
28. a3 h6 29. gxh6 Kh7 30. Qe3 Rf6 31. Qh3 Rxh6 32. Bd1 Rg8 33. h5 Qg5 34. Rff1
Nd3 35. Re2 Nf4 36. Re7+ Kh8 37. Qh2 Nxh5 38. Bxh5 Rxh5 39. Re2 Be8 0-1

[Event "Elista (ol) 73/689"]
[Site "?"]
[Date "1998.??.??"]
[Round "?"]
[White "Miladinovic, Igor"]
[Black "Istratescu, Andrei"]
[Result "0-1"]
[WhiteElo "2555"]
[BlackElo "2540"]
[PlyCount "78"]
[EventDate "1998.??.??"]
[Source "ChessBase"]
[SourceDate "1998.06.01"]

1. d4 g6 2. c4 Bg7 3. Nc3 Nf6 4. e4 d6 5. Nf3 O-O 6. Be2 e5 7. O-O Nc6 8. d5
Ne7 9. Ne1 Nd7 10. f3 f5 11. g4 Kh8 12. Ng2 a5 13. Be3 Nc5 14. h3 b6 15. b3 Bd7
16. Qc2 Ng8 17. Rad1 f4 18. Bf2 h5 19. Nb5 Bf6 20. a3 Bxb5 21. cxb5 a4 22. b4
Nb3 23. Bc4 Rf7 24. Bxb3 axb3 25. Qxb3 Rh7 26. a4 Nh6 27. Be1 Nf7 28. Kf2 hxg4
29. fxg4 Kg7 30. Rd3 Qd7 31. Ke2 Ng5 32. Bh4 Nxe4 33. Kf3 Bxh4 34. Kxe4 Bg3 35.
Rxg3 fxg3 36. Qxg3 Rxa4 37. Qc3 Rxh3 38. Qxh3 Rxb4+ 39. Kf3 Qf7+ 0-1

[Event "HUN-chT9899"]
[Site "HUN"]
[Date "1999.??.??"]
[Round "?"]
[White "Kiss, Pal"]
[Black "Almasi, Zoltan"]
[Result "1-0"]
[WhiteElo "2435"]
[BlackElo "2650"]
[PlyCount "83"]
[EventDate "1998.??.??"]
[Source "www.chesslib.no"]
[SourceDate "2004.05.04"]

1. d4 Nf6 2. c4 g6 3. Nc3 Bg7 4. e4 d6 5. Nf3 O-O 6. Be2 e5 7. O-O Nc6 8. d5
Ne7 9. Ne1 Nd7 10. f3 f5 11. g4 Kh8 12. Kg2 Ng8 13. g5 f4 14. h4 h6 15. Rh1 Rf7
16. Nd3 Bf8 17. Qg1 Be7 18. Nb5 a6 19. Nd4 Nf8 20. b4 a5 21. b5 Kg7 22. b6 cxb6
23. Nb5 Bd7 24. Rb1 Nh7 25. Ba3 Be8 26. Nc3 Ra6 27. Nb2 hxg5 28. hxg5 Nxg5 29.
c5 bxc5 30. Bxa6 bxa6 31. Nc4 Nf6 32. Rb6 Bd7 33. Qb1 Bc8 34. Rc6 Bd7 35. Rb6
Bc8 36. Rc6 Bd7 37. Rb6 Ne8 38. Rb8 Qc7 39. Rb7 Qc8 40. Rb8 Bh3+ 41. Kf2 Qd7
42. Nb6 1-0

[Event "Budapest FS12 IM-A"]
[Site "Budapest"]
[Date "1997.??.??"]
[Round "7"]
[White "Dudas, Janos"]
[Black "Colovic, Aleksandar"]
[Result "1-0"]
[WhiteElo "2400"]
[BlackElo "2360"]
[PlyCount "145"]
[EventDate "1997.??.??"]
[Source "www.chesslib.no"]
[SourceDate "2004.05.04"]

1. d4 Nf6 2. Nf3 g6 3. c4 Bg7 4. Nc3 O-O 5. e4 d6 6. Be2 e5 7. O-O Nc6 8. d5
Ne7 9. Ne1 Nd7 10. f3 f5 11. g4 Kh8 12. Bg5 Bf6 13. Be3 Ng8 14. Qd2 f4 15. Bf2
h5 16. h3 Nh6 17. Nd3 Bh4 18. Qe1 Bxf2+ 19. Qxf2 Nf7 20. Kg2 Kg7 21. Rh1 Rh8
22. Rag1 Nf8 23. Kf1 g5 24. Ke1 Ng6 25. Kd2 c5 26. a3 Bd7 27. b4 b6 28. Kc2 Qc7
29. Kb3 Rac8 30. bxc5 bxc5 31. Ka2 Qa5 32. Qe1 Rh6 33. Nd1 Qb6 34. Qc3 Rch8 35.
N1f2 hxg4 36. Rb1 Qc7 37. hxg4 Nh4 38. Rb2 Ng2 39. Rhb1 Bc8 40. Nd1 Rh1 41.
N3f2 Rg1 42. Qc2 Rh2 43. Qa4 Ne3 44. Nxe3 Rxb1 45. Kxb1 Rxf2 46. Nd1 Rh2 47.
Nc3 Bd7 48. Qa6 Rh8 49. a4 Rb8 50. a5 Rxb2+ 51. Kxb2 Qb8+ 52. Nb5 Qh8 53. Kb3
Bxb5 54. cxb5 Qh1 55. Kc2 Qa1 56. b6 Qa2+ 57. Kc1 Qa1+ 58. Kd2 Qd4+ 59. Ke1
axb6 60. axb6 Qg1+ 61. Kd2 Qd4+ 62. Kc2 Qb4 63. Qb5 Qxb5 64. Bxb5 Nd8 65. Ba6
Kf8 66. b7 Nxb7 67. Bxb7 Ke7 68. Kb3 Kd8 69. Ka4 Kc7 70. Ba6 Kb6 71. Bc4 Ka7
72. Ka5 Kb7 73. Kb5 1-0

[Event "Balatonbereny IM-A"]
[Site "Balatonbereny"]
[Date "1996.??.??"]
[Round "9"]
[White "Kiss, Pal"]
[Black "Vajda, Levente"]
[Result "1/2-1/2"]
[WhiteElo "2485"]
[BlackElo "2370"]
[PlyCount "76"]
[EventDate "1996.06.13"]
[Source "ChessBase"]

1. d4 Nf6 2. c4 g6 3. Nc3 Bg7 4. e4 O-O 5. Nf3 d6 6. Be2 e5 7. O-O Nc6 8. d5
Ne7 9. Ne1 Nd7 10. f3 f5 11. g4 Kh8 12. Kh1 Ng8 13. Rg1 f4 14. Nd3 Bf6 15. Bd2
Rf7 16. Kg2 Bh4 17. Be1 Bxe1 18. Qxe1 h5 19. h3 Rh7 20. Rh1 g5 21. Qf2 Nf8 22.
Rag1 Ng6 23. Kf1 hxg4 24. hxg4 Nh4 25. Ke1 c5 26. Kd2 a6 27. a4 Ne7 28. Ra1 a5
29. Rh2 Neg6 30. Rah1 Bd7 31. b3 Qe7 32. Kc2 Kg7 33. Nb1 Rah8 34. Nd2 Rh6 35.
Nf1 R8h7 36. Kb2 Qd8 37. Bd1 Ne7 38. Qd2 b6 1/2-1/2

[Event "BdF-50 corr"]
[Site "BdF-50 corr"]
[Date "1996.??.??"]
[Round "?"]
[White "Rumiancevas, Boris"]
[Black "Haufe, Werner"]
[Result "1-0"]
[WhiteElo "2530"]
[BlackElo "2470"]
[PlyCount "95"]
[EventDate "1996.??.??"]
[Source "www.chesslib.no"]
[SourceDate "2004.05.04"]

1. d4 Nf6 2. c4 g6 3. Nc3 Bg7 4. e4 d6 5. Nf3 O-O 6. Be2 e5 7. O-O Nc6 8. d5
Ne7 9. Ne1 Nd7 10. f3 f5 11. g4 Kh8 12. h4 Ng8 13. Ng2 a5 14. Be3 Nc5 15. Qc2
Bd7 16. Rad1 Nf6 17. exf5 gxf5 18. g5 Nh5 19. f4 Ng3 20. Rf3 Nxe2+ 21. Nxe2 e4
22. Rh3 Nd3 23. Nc3 c5 24. a4 h6 25. Ne1 Nb4 26. Qe2 Qe7 27. Rd2 Qf7 28. Qd1
Rg8 29. Rg2 Raf8 30. g6 Qe7 31. Qh5 Ra8 32. Kh2 Rgf8 33. Bc1 Kg8 34. b3 b6 35.
Re2 Na6 36. Nb5 Bc8 37. Nf3 Rd8 38. Ng5 hxg5 39. Qh7+ Kf8 40. hxg5 Rd7 41. Kh1
Bb7 42. Qh8+ Bxh8 43. Rxh8+ Kg7 44. Bb2+ Kxg6 45. Rh6+ Kf7 46. g6+ Ke8 47. Rh8+
Qf8 48. Reh2 1-0

[Event "BdF-50 corr"]
[Site "BdF-50 corr"]
[Date "1996.??.??"]
[Round "?"]
[White "Rumiancevas, Boris"]
[Black "Schuett, Ingo"]
[Result "1/2-1/2"]
[WhiteElo "2530"]
[BlackElo "2545"]
[PlyCount "106"]
[EventDate "1996.??.??"]
[Source "www.chesslib.no"]
[SourceDate "2004.05.04"]

1. d4 Nf6 2. c4 g6 3. Nc3 Bg7 4. e4 d6 5. Nf3 O-O 6. Be2 e5 7. O-O Nc6 8. d5
Ne7 9. Ne1 Nd7 10. f3 f5 11. g4 Kh8 12. h4 Ng8 13. Ng2 a5 14. Be3 Nc5 15. Qc2
Bd7 16. Rad1 b6 17. Bf2 Qc8 18. g5 h6 19. Kh2 Qd8 20. exf5 Bxf5 21. Qd2 Kh7 22.
Be3 Qd7 23. Rg1 h5 24. Bf2 Rf7 25. Bg3 Raf8 26. Rgf1 Bh3 27. Ne4 Ne7 28. Rde1
Qc8 29. Rg1 Bxg2 30. Kxg2 Nf5 31. Bd1 Nd4 32. Rgf1 Rxf3 33. Bxf3 Nxf3 34. Rxf3
Rxf3 35. Nf6+ Rxf6 36. gxf6 Bxf6 37. Qe2 Qd8 38. Kh3 Qd7+ 39. Kg2 Qe7 40. Kh3
e4 41. b3 Nd3 42. Qxe4 Nxe1 43. Qxe7+ Bxe7 44. Bxe1 g5 45. hxg5 Kg6 46. Kg3
Bxg5 47. Kf3 Kf5 48. a4 h4 49. b4 axb4 50. Bxb4 Bd8 51. a5 bxa5 52. Bxa5 h3 53.
Bb4 h2 1/2-1/2

[Event "Budapest FS08 GM"]
[Site "Budapest HUN"]
[Date "1995.??.??"]
[Round "1"]
[White "Petrosian, Karen"]
[Black "Nikolaidis, Ioannis"]
[Result "1/2-1/2"]
[WhiteElo "2390"]
[BlackElo "2495"]
[PlyCount "61"]
[EventDate "1995.08.??"]
[Source "www.chesslib.no"]
[SourceDate "2004.05.04"]

1. d4 Nf6 2. c4 g6 3. Nc3 Bg7 4. e4 O-O 5. Nf3 d6 6. Be2 e5 7. O-O Nc6 8. d5
Ne7 9. Ne1 Nd7 10. f3 f5 11. g4 Nf6 12. Nd3 c6 13. Be3 h6 14. h4 b5 15. dxc6
bxc4 16. Nb4 Be6 17. Nbd5 Nxc6 18. Bxc4 Nd4 19. exf5 gxf5 20. Bxd4 exd4 21. Re1
Bf7 22. Nxf6+ Qxf6 23. Nd5 Qxh4 24. Ne7+ Kh8 25. Nxf5 Qg5 26. Bxf7 Rxf7 27.
Nxd6 Qf4 28. Rc1 Raf8 29. Rc8 Be5 30. Rxf8+ Rxf8 31. Nc4 1/2-1/2

[Event "Rubinstein mem"]
[Site "Polanica Zdroj"]
[Date "1993.??.??"]
[Round "10"]
[White "Markowski, Tomasz"]
[Black "Dolmatov, Sergey"]
[Result "1/2-1/2"]
[WhiteElo "2465"]
[BlackElo "2630"]
[PlyCount "69"]
[EventDate "1993.08.??"]
[Source "ChessBase"]

1. c4 g6 2. Nc3 Bg7 3. Nf3 Nf6 4. e4 d6 5. d4 O-O 6. Be2 e5 7. O-O Nc6 8. d5
Ne7 9. Ne1 Nd7 10. f3 f5 11. g4 Kh8 12. Ng2 Ng8 13. h4 a5 14. Be3 Nc5 15. Rc1
Qe7 16. a3 fxg4 17. fxg4 Rxf1+ 18. Kxf1 Nf6 19. Bf3 Bd7 20. b4 axb4 21. axb4
Na4 22. Nb5 c6 23. dxc6 bxc6 24. Nxd6 Nxg4 25. Bxg4 Bxg4 26. Qxg4 Qxd6 27. c5
Qd3+ 28. Kg1 Nc3 29. Re1 Rf8 30. Bf2 Qc4 31. h5 gxh5 32. Qxh5 Qxb4 33. Nh4 Rf6
34. Qe8+ Rf8 35. Qh5 1/2-1/2

[Event "Brussels zt"]
[Site "Brussels"]
[Date "1993.??.??"]
[Round "6"]
[White "Hauchard, Arnaud"]
[Black "David, Alberto"]
[Result "1/2-1/2"]
[WhiteElo "2450"]
[BlackElo "2380"]
[PlyCount "102"]
[EventDate "1993.04.??"]
[Source "ChessBase"]

1. d4 Nf6 2. c4 g6 3. Nc3 Bg7 4. e4 d6 5. Be2 O-O 6. Nf3 e5 7. O-O Nc6 8. d5
Ne7 9. Ne1 Nd7 10. f3 f5 11. g4 Kh8 12. Be3 Nf6 13. Nd3 c5 14. Rb1 f4 15. Bd2
h5 16. g5 Nh7 17. h4 Nxg5 18. hxg5 Nf5 19. Rf2 Qxg5+ 20. Rg2 Ng3 21. Nf2 Qe7
22. Nh1 Nxe2+ 23. Qxe2 g5 24. Rh2 Qf7 25. Nf2 Qg6 26. Nb5 Bh6 27. Nxd6 Qxd6 28.
Rxh5 Qg6 29. Rh2 g4 30. fxg4 Kg8 31. Qf3 Rf7 32. Bc3 Bg7 33. Rh5 Re7 34. a4 Bd7
35. b3 a6 36. a5 Rb8 37. Kf1 b5 38. axb6 Rxb6 39. Ba5 Rb7 40. Bd8 Re8 41. Bg5
a5 42. Ra1 a4 43. bxa4 Rb4 44. Qh3 Reb8 45. Qh4 Rb2 46. Re1 Rb1 47. Rxb1 Rxb1+
48. Kg2 Rb2 49. Kg1 Rxf2 50. Kxf2 Qxe4 51. Bh6 Qe3+ 1/2-1/2

[Event "Budapest FS04 GM"]
[Site "Budapest"]
[Date "1993.??.??"]
[Round "5"]
[White "Lukacs, Peter"]
[Black "Loginov, Valery A"]
[Result "0-1"]
[WhiteElo "2480"]
[BlackElo "2505"]
[PlyCount "122"]
[EventDate "1993.04.??"]
[Source "ChessBase"]

1. d4 Nf6 2. c4 g6 3. Nc3 Bg7 4. e4 d6 5. Nf3 O-O 6. Be2 e5 7. O-O Nc6 8. d5
Ne7 9. Ne1 Nd7 10. f3 f5 11. g4 Nf6 12. Nd3 c6 13. Be3 Kh8 14. h3 h6 15. Rc1
fxe4 16. fxe4 g5 17. c5 cxd5 18. cxd6 Ng6 19. exd5 b6 20. Nf2 Bb7 21. Bf3 Qxd6
22. Nfe4 Nxe4 23. Bxe4 Nf4 24. Kh2 Rad8 25. Qb3 h5 26. Kg3 Rf6 27. Rh1 Rdf8 28.
Qd1 Ba6 29. Rc2 Bc8 30. a3 Bd7 31. Rd2 Rh6 32. Qe1 Bf6 33. Nd1 Kg7 34. Nf2 Rfh8
35. Rc2 hxg4 36. Qb4 Nh5+ 37. Kg2 gxh3+ 38. Kh2 Qxb4 39. axb4 Bd8 40. Ra1 a5
41. bxa5 bxa5 42. b4 Kf7 43. Nd3 Ke8 44. bxa5 g4 45. Bxh6 g3+ 46. Kh1 Rxh6 47.
a6 g2+ 48. Bxg2 hxg2+ 49. Kxg2 Bb5 50. Nb4 Nf4+ 51. Kf3 Bb6 52. a7 Rh3+ 53. Ke4
Re3+ 54. Kf5 Bd7+ 55. Kg5 Bd8+ 56. Kh6 Rh3+ 57. Kg7 Rg3+ 58. Kh6 Rh3+ 59. Kg7
Rg3+ 60. Kh6 Bg5+ 61. Kg7 Be7+ 0-1

[Event "Athens"]
[Site "?"]
[Date "1993.??.??"]
[Round "?"]
[White "Nikolaidis, K."]
[Black "Georgiev, Kr"]
[Result "1-0"]
[WhiteElo "2380"]
[BlackElo "2525"]
[PlyCount "81"]
[EventDate "1993.??.??"]
[Source "ChessBase"]
[SourceDate "1993.02.01"]

1. Nf3 Nf6 2. c4 g6 3. Nc3 Bg7 4. e4 d6 5. d4 O-O 6. Be2 e5 7. O-O Nc6 8. d5
Ne7 9. Ne1 Nd7 10. f3 f5 11. g4 h6 12. h4 Nf6 13. Ng2 c6 14. Be3 cxd5 15. cxd5
Qd7 16. exf5 gxf5 17. g5 hxg5 18. Bb5 Qd8 19. hxg5 Nh5 20. f4 Nxf4 21. Bxf4
exf4 22. Nxf4 a6 23. Qh5 axb5 24. Rae1 Bd7 25. g6 Nxg6 26. Nxg6 Re8 27. Rxe8+
Qxe8 28. Qg5 Kh7 29. Ne7 Bh6 30. Qh4 Qh8 31. Rf2 Rf8 32. Ne4 Qg7+ 33. Kh1 Qe5
34. Ng5+ Kg7 35. Rg2 Bxg5 36. Qxg5+ Kf7 37. Ng6 Qe1+ 38. Kh2 Rg8 39. Qh5 Kf6
40. Qh6 Re8 41. Nf4+ 1-0